000 01010cam a2200289 a 4500
003 CO-BoRNBP
005 20230512143237.0
007 ta
008 890721s2006 mx a jr 00010 spa d
020 _a9684941919
040 _aCO-BoBLA
_bspa
_cCO-BoBLA
041 0 _aspa
082 0 4 _aI372.4
_bG71a
_221 ed.
100 0 _aGrafo Latn̕.
_92016
245 1 0 _aABC :
_bun invento extraordinario por el maestro Grafo Latin de la Academia de la Lengua y la Nariz /
_cayudante del maestro Grafo Latn̕ Alonso Nuęz ; ilustraciones Carmen Arvizu.
250 _a1a. edición
300 _a30 p. :
_bil. ;
_c28 cm.
336 _2rdacontent
_atexto
_btxt
337 _2rdamedia
_asin mediación
_bn
338 _2rdacarrier
_avolumen
_bnc
650 _aEspaǫl
_x Alfabeto
_x Enseąnza elemental.
_2LEMB
_92017
650 _aEspaǫl
_x Ortografa̕
_x Enseąnza elemental.
_2LEMB
_92018
700 1 2 _aNę͠z, Alonso,
_d1969-
_92019
700 1 2 _aArvizu, Carmen,
_eil.
_92020
942 _2ddc
_cBK
949 _an
_bn
999 _c9542
_d9542